| 000 -LEADER | |
|---|---|
| fixed length control field | 00533nam a22001817a 4500 |
| 005 - DATE AND TIME OF LATEST TRANSACTION | |
| control field | 20240920155943.0 |
| 008 - FIXED-LENGTH DATA ELEMENTS--GENERAL INFORMATION | |
| fixed length control field | 240919b |||||||| |||| 00| 0 eng d |
| 020 ## - INTERNATIONAL STANDARD BOOK NUMBER | |
| ISBN | 978-93-6180-043-6 |
| 041 ## - LANGUAGE CODE | |
| Language code of text/sound track or separate title | eng |
| 082 ## - DEWEY DECIMAL CLASSIFICATION NUMBER | |
| Classification number | 362.1 |
| Item number | GAU |
| 100 ## - MAIN ENTRY--AUTHOR NAME | |
| Personal name | GAUTAM, DR. HEMENDRA & TIWARI, DR. SHASHANK AND KADWE, MADAN KUMAR |
| 245 ## - TITLE STATEMENT | |
| Title | HOSPITAL AND CLINICAL PHARMACY [D. PHARMA, 2ND YEAR] |
| 250 ## - EDITION STATEMENT | |
| Edition statement | 2ND ED, 2024 |
| 260 ## - PUBLICATION, DISTRIBUTION, ETC. (IMPRINT) | |
| Place of publication | LUCKNOW |
| Name of publisher | THAKUR PUBLICATION PVT LTD |
| 300 ## - PHYSICAL DESCRIPTION | |
| Number of Pages | 224;P |
| 650 ## - SUBJECT ADDED ENTRY--TOPICAL TERM | |
| Topical Term | PHARMACY |
| General subdivision | D.PHARMA |
| 942 ## - ADDED ENTRY ELEMENTS (KOHA) | |
| Koha item type | Books |
| Lost status | Damaged status | Collection code | Home library | Current library | Date acquired | Source of acquisition | Cost, normal purchase price | Full call number | Accession Number | Koha item type | Shelving location |
|---|---|---|---|---|---|---|---|---|---|---|---|
| PHARMACY | JRU Library | JRU Library | 03/09/2024 | PURCHASE | 225.00 | 362.1 | 28554 | Books | |||
| PHARMACY | JRU Library | JRU Library | 03/09/2024 | PURCHASE | 225.00 | 362.1 | 28555 | Books | SHELF - 19 - H | ||
| PHARMACY | JRU Library | JRU Library | 03/09/2024 | PURCHASE | 225.00 | 362.1 | 28556 | Books | SHELF-19-G |